[Event "Stay Safe Play From Home 265"]
[Site "Emanuel Lasker Arena"]
[Date "2020.06.30"]
[Round "1"]
[White "Toosieslide"]
[Black "Trotsky"]
[Result "1-0"]
[WhiteElo "2310"]
[BlackElo "1604"]
[Annotator "TA"]
[PlyCount "51"]
[EventDate "2020.06.30"]
[EventType "swiss (blitz)"]

{[%evp 11,51,6,12,-286,49,6,199,88,94,87,160,12,8,22,285,277,527,126,302,307,290,298,395,389,390,339,383,294,293,304,450,460,536,529,1109,1103,1131,1122,1114,994,3229,2879]} 1. d4 d5 2. c4 e6 3. Nc3 c5 4. Nf3 Nc6 5. cxd5 exd5 6. Bg5 f6 {[#]} 7. e3 $146 {[%mdl 8192] D32: Tarrasch Defence: Sidelines and lines without g3.} (7. Bc1 $11 {and White has nothing to worry.}) ({Predecessor:} 7. Bf4 c4 8. e4 dxe4 9. Nxe4 Be6 10. Rc1 b5 11. a4 a6 12. axb5 axb5 13. b3 Ba3 14. bxc4 Bxc1 15. Qxc1 bxc4 {1-0 (49) Galopoulos,N (2429)-Mamedov,R (2670) Tallinn 2019}) 7... a6 $2 (7... fxg5 $19 8. Bb5 Nf6) 8. Bh4 {White wants to play dxc5.} (8. Bf4 $5 {[%cal Rd4c5]}) 8... g5 $2 (8... c4 $11) 9. Bg3 (9. Nxg5 $1 $18 {Threatens to win with Qh5+.} fxg5 10. Qh5+ {[%mdl 64] Double Attack} Kd7 11. Bxg5) 9... Be6 10. Bd3 Bd6 (10... c4 $142) 11. Qc2 ({Better is} 11. dxc5 $16 Bxc5 12. O-O) 11... c4 $11 {White must now prevent ...Nb4.} 12. Bxh7 {aiming for Qg6+.} Qc7 $2 {[%mdl 8192] [#]} (12... Nge7 $11 {and Black stays safe.}) 13. Qg6+ $1 $18 Kd8 $2 {[#]} (13... Bf7 {was called for.} 14. Bxd6 Qxd6) 14. Bxd6 $2 (14. Nxg5 $1 $18 {[%mdl 512] is the precise move to win.} fxg5 15. Bxg8 Bxg8 16. Qf6+ {[%mdl 64] Double Attack} (16. Qxd6+ Qxd6 17. Bxd6 Kd7 $18) 16... Kd7 17. Qxh8) 14... Qxd6 $2 (14... Qxh7 $16 {keeps fighting.} 15. Qxh7 Rxh7) 15. Qg7 $1 {[%csl LRb7,LRh8]} Rxh7 16. Qxh7 Nge7 17. Qh8+ Bg8 18. O-O-O Rc8 19. e4 Kc7 20. e5 Qd7 (20... fxe5 $142 21. Nxe5 Be6) 21. Qxf6 {White is clearly winning.} Nb4 22. Nxg5 Nxa2+ 23. Nxa2 c3 24. Nxc3 Nc6 25. Qd6+ Kb6 26. Qxd7 {Accuracy: White = 33%, Black = 24%.} 1-0

[Event "Stay Safe Play From Home 265"]
[Site "Emanuel Lasker Arena"]
[Date "2020.06.30"]
[Round "1"]
[White "BrainThinker22"]
[Black "Bardellosport"]
[Result "1-0"]
[WhiteElo "2239"]
[BlackElo "2015"]
[Annotator "NA RC"]
[PlyCount "67"]
[EventDate "2020.06.30"]
[EventType "swiss (blitz)"]

1. e4 {[%emt 0:00:03]} a6 {[%emt 0:00:02]} 2. Nc3 {[%emt 0:00:01]} b5 {[%emt 0:00:00]} 3. a3 {[%emt 0:00:01]} Bb7 {[%emt 0:00:00]} 4. g3 {[%emt 0:00:00]} e6 {[%emt 0:00:00]} 5. Bg2 {[%emt 0:00:00]} Nf6 {[%emt 0:00:00]} 6. d3 {[%emt 0:00:00]} Be7 {[%emt 0:00:00]} 7. Be3 {[%emt 0:00:01]} d5 {[%emt 0:00:00]} 8. e5 {[%emt 0:00:01]} d4 {[%emt 0:00:01]} 9. Bxb7 {[%emt 0:00:01]} Ra7 {[%emt 0:00:01]} 10. Bxd4 {[%emt 0:00:01]} Rxb7 {[%emt 0:00:01]} 11. exf6 {[%emt 0:00:02]} gxf6 {[%emt 0:00:00]} 12. Be3 {[%emt 0:00:01]} c5 {[%emt 0:00:01]} 13. Nge2 {[%emt 0:00:01]} Nc6 {[%emt 0:00:01]} 14. Qd2 {[%emt 0:00:01]} Qd7 {[%emt 0:00:01]} 15. O-O {[%emt 0:00:02]} f5 {[%emt 0:00:00]} 16. f4 {[%emt 0:00:01]} Rg8 {[%emt 0:00:01]} 17. d4 {[%emt 0:00:01]} c4 {[%emt 0:00:03]} 18. d5 {[%emt 0:00:01]} Nd8 {[%emt 0:00:02]} 19. dxe6 {[%emt 0:00:02]} Qxe6 {[%emt 0:00:01]} 20. Nd4 {[%emt 0:00:03]} Qd7 {[%emt 0:00:03]} 21. Rae1 {[%emt 0:00:01]} Kf8 {[%emt 0:00:01]} 22. Qg2 {[%emt 0:00:01]} Ne6 {[%emt 0:00:02]} 23. Nxf5 {[%emt 0:00:03]} Qc7 {[%emt 0:00:03]} 24. Nxe7 {[%emt 0:00:02]} Qxe7 {[%emt 0:00:00]} 25. Kh1 {[%emt 0:00:04]} f5 {[%emt 0:00:01]} 26. Bc5 {[%emt 0:00:02]} Nxc5 {[%emt 0:00:01]} 27. Rxe7 {[%emt 0:00:01]} Rxe7 {[%emt 0:00:00]} 28. Qa8+ {[%emt 0:00:01]} Kf7 {[%emt 0:00:01]} 29. Qd5+ {[%emt 0:00:00]} Ne6 {[%emt 0:00:02]} 30. Qxf5+ {[%emt 0:00:00]} Ke8 {[%emt 0:00:01]} 31. Re1 {[%emt 0:00:01]} Rg6 {[%emt 0:00:02]} 32. Qe5 {[%emt 0:00:02]} Kf7 {[%emt 0:00:02]} 33. f5 {[%emt 0:00:01]} Rg5 {[%emt 0:00:01]} 34. fxe6+ {[%emt 0:00:01] Bardellosport abbandona (Lag: Av=0.35s, max=0.7s)} 1-0

[Event "Stay Safe Play From Home 265"]
[Site "Emanuel Lasker Arena"]
[Date "2020.06.30"]
[Round "1"]
[White "Lazieri3"]
[Black "EL sanbary"]
[Result "1/2-1/2"]
[WhiteElo "2087"]
[BlackElo "1939"]
[Annotator "TA"]
[PlyCount "65"]
[EventDate "2020.06.30"]
[EventType "swiss (blitz)"]

{[%evp 9,65,-11,-9,-21,-18,-46,-14,-21,0,-2,-6,-17,-10,-14,83,86,129,60,96,79,129,101,97,76,63,76,83,23,79,39,137,132,1012,997,29979,0,0,0,0,-143,-126,-592,-552,-452,-401,-870,-835,-788,-495,-476,0,-441,0,-431,0,-427,0,-417]} 1. e4 c5 2. Nc3 g6 3. d3 Bg7 4. Nf3 Nc6 5. Be3 d6 6. Qd2 {B30: Sicilian: 2...Nc6 3 Bb5, lines without ...g6.} e5 7. Be2 {[#]} Be6 $146 ({Predecessor:} 7... Nge7 8. Bh6 Bxh6 9. Qxh6 Nd4 10. Rc1 Qb6 11. Nd1 Be6 12. a3 f5 13. Nxd4 cxd4 {1-0 (34) Wasylkiewicz,A (1827)-Dadello,A (1843) Wroclaw 2013}) 8. Nd5 Qd7 9. c4 Nge7 10. Bh6 O-O $1 11. h4 f5 (11... f6 $1 $11) 12. h5 $36 {[%mdl 2048] White is in control.} f4 13. Bxg7 (13. hxg6 $16 hxg6 14. Bg5) 13... Kxg7 $14 14. hxg6 Nxg6 15. g3 Bxd5 16. cxd5 Nd4 17. Nxd4 cxd4 {[#]} 18. Bh5 ({White should try} 18. O-O-O $1 $16) 18... fxg3 (18... Rac8 $1 $11 {remains equal.}) 19. Bxg6 hxg6 (19... gxf2+ $14 20. Kf1 hxg6 21. Qh6+ Kf7) 20. Qh6+ $16 ({Much weaker is} 20. fxg3 $6 Rh8 $11) 20... Kf6 $2 {[%mdl 8192]} (20... Kf7 $16) 21. fxg3 $18 {White threatens 0-0+ and mate.} Rh8 22. Qxh8+ $2 (22. O-O+ {mates} Ke7 23. Qg7+ Kd8 24. Qxh8+ Kc7 25. Qxa8 Kb6 26. Qf8 Ka5 27. Rf7) 22... Rxh8 $11 23. Rxh8 {[%mdl 4096] Endgame KQ-KRR} Qg4 24. Kf2 (24. Kd2 $11) 24... Qg5 $17 {[%mdl 1024] [#] White must now prevent ...Qd2+. Black has strong compensation.} 25. Rf1 $2 {[%mdl 8192]} (25. Rd1 $17 {is a better chance.}) 25... Qd2+ 26. Kg1+ Kg5 27. Rf3 (27. Rh2 $142 Qxd3 {[%mdl 64] Double Attack} 28. Re1) 27... Qe2 28. Rhf8 Qe1+ 29. Kg2 Qe2+ $2 ({Better is} 29... Qd2+ $19 30. Kh3 Qxb2) 30. Kh3 $2 {[%mdl 8192]} (30. Kg1 $1 $11) 30... Qe1 {[%cal Re1h1]} 31. Kg2 Qe2+ $2 (31... Qd2+ $19 32. Kh3 Qxb2) 32. Kh3 $2 {[%mdl 8192]} (32. Kg1 $11) 32... Qe1 {[%cal Re1h1]} 33. Kg2 {[%mdl 32768] Accuracy: White = 42%, Black = 36%. . An unexpected result.} 1/2-1/2

[Event "Stay Safe Play From Home 265"]
[Site "Emanuel Lasker Arena"]
[Date "2020.06.30"]
[Round "1"]
[White "The Next Contender"]
[Black "Mepe_Nika"]
[Result "1-0"]
[WhiteElo "1902"]
[BlackElo "2385"]
[Annotator "TA"]
[PlyCount "61"]
[EventDate "2020.06.30"]
[EventType "swiss (blitz)"]

{[%evp 13,60,4,14,-8,0,-16,-30,-50,-33,-36,-31,-29,-20,-22,-14,-81,-72,-68,-67,-362,-70,-190,-68,-58,-34,-41,29,-22,112,-652,127,125,226,136,418,420,832,843,850,343,313,333,987,949,29997,29998,29998,29999,29999]} 1. d4 d5 2. c4 c6 3. Nf3 Nf6 4. e3 e6 5. Be2 Nbd7 6. O-O Bd6 7. b3 {[%cal Bb2b3,Bb3b4,Bb4b5][%mdl 32] was the old line (7.Nc3).} O-O {[#]} 8. c5 $146 {D30: Queen's Gambit Declined: Systems without Nc3.} ({Predecessor:} 8. Nc3 b6 9. Qc2 Bb7 10. e4 Nxe4 11. Nxe4 dxe4 12. Qxe4 Re8 13. Bb2 Qc7 14. Bd3 f5 15. Qh4 Nf8 16. Ne5 c5 17. Rae1 cxd4 18. Bxd4 Rad8 19. Bb1 Ng6 20. Qg3 Be4 21. f4 Nxe5 22. fxe5 {0-1 (46) Lee,M (2388)-Morovic Fernandez,I (2511) Kirkland 2020}) 8... Bc7 9. b4 e5 10. Nc3 {Black has an edge.} e4 11. Nd2 Re8 12. b5 Re6 13. a4 Ne8 14. g3 (14. f4 $11) 14... Rh6 $17 15. Re1 Ndf6 16. Bf1 $2 {[%mdl 8192]} (16. f4 $15) 16... Bh3 $2 (16... Ng4 $1 $19 {Hoping for ...Nxf2!} 17. f4 Nxh2) 17. a5 (17. f4 $15) 17... Qd7 ({Black should play} 17... Bxa5 $19 18. Ndb1 Bxf1 19. Rxf1 cxb5 20. Nxb5 b6) 18. a6 $15 Bxf1 19. Nxf1 (19. axb7 $2 Bd3 $3 $17 {[%mdl 512]}) 19... bxa6 (19... b6 $1 $15) 20. Rxa6 (20. bxc6 $142 Qxc6 21. Qe2) 20... Qh3 (20... cxb5 $11 {remains equal.} 21. Bd2 Bd8) 21. f3 $2 {[%mdl 8192] [#]} ({Don't go for} 21. bxc6 $2 Ng4 $19) (21. f4 $16) 21... exf3 $2 (21... Bxg3 $1 $19 {[%mdl 512]} 22. Ra2 (22. Nxg3 Qxh2+) 22... Bh4) 22. Qxf3 $16 Ng4 (22... cxb5 $16 23. e4 (23. Nxd5 Nxd5 24. Qxd5 Rd8 $16) (23. Nxb5 Qc8 $14) 23... Qc8) 23. Qg2 Qh5 $2 {[%mdl 8192]} (23... Qxg2+ $16 24. Kxg2 cxb5 25. Rxh6 Nxh6) 24. e4 $18 cxb5 (24... Nxh2 $142 25. Qxh2 Qxh2+ 26. Nxh2 Bxg3) 25. Bxh6 Nxh6 26. Rxh6 (26. exd5 $142 Rd8 27. d6) 26... Qxh6 27. exd5 {And now d6 would win.} b4 $2 (27... Ba5) 28. d6 {[%mdl 64] Discovered Attack} Nxd6 29. Qxa8+ {[%mdl 64] Double Attack. White mates.} Bb8 30. Qxb8+ {[%mdl 64] Double Attack} Nc8 31. Qxc8# {Accuracy: White = 44%, Black = 23%.} 1-0

[Event "Stay Safe Play From Home 265"]
[Site "Emanuel Lasker Arena"]
[Date "2020.06.30"]
[Round "1"]
[White "Buzaglo"]
[Black "Uber_WING"]
[Result "0-1"]
[WhiteElo "1855"]
[BlackElo "2465"]
[Annotator "TA"]
[PlyCount "114"]
[EventDate "2020.06.30"]
[EventType "swiss (blitz)"]

{[%evp 9,114,-51,-51,-48,-42,-52,-24,-24,-20,-54,3,-165,-79,-183,-71,-201,-151,-210,-197,-263,-207,-262,-183,-209,-202,-208,-188,-529,-521,-510,-520,-466,-327,-550,-430,-430,-398,-462,-437,-427,-385,-463,-446,-489,-285,-431,-304,-285,-293,-346,-320,-382,-395,-495,-471,-457,-446,-658,-558,-553,-524,-491,-488,-614,-610,-603,-606,-854,-673,-645,-623,-620,-620,-641,-585,-667,-642,-633,-623,-937,-821,-1157,-1448,-1469,-708,-835,0,-1256,-1205,-1970,-1936,-5579,-5408,-4690,-4134,-2330,-1527,-1547,-1263,-29978,-29979,-29978,0,0,0,0,0]} 1. d4 c5 2. Nf3 cxd4 3. g3 e5 4. Bg2 d6 5. O-O {[#]} Nc6 $146 ({Predecessor:} 5... Be7 6. Nbd2 Nf6 7. b3 Nc6 8. Nh4 d5 9. Ndf3 Ne4 10. c4 dxc3 11. Qd3 O-O {0-1 (23) Dittmer,L (1070)-Brinckmann,U GER email 2015}) 6. c3 {A43: Schmid Benoni.} dxc3 7. Nxc3 Nf6 8. Bg5 {Black has an edge.} Be7 9. Rc1 h6 (9... Be6 $15) 10. Bd2 $2 {[#]} (10. Bxf6 $1 $11 {and White stays safe.} Bxf6 11. Nd2) 10... O-O (10... d5 $1 $19 {and Black stays clearly on top.} 11. e3 O-O) 11. b3 (11. e4 $17 {was worth a try.}) 11... Be6 (11... d5 $19 {...d4 is the strong threat.} 12. Ne1 Ba3) 12. Na4 (12. e4 $17) 12... Re8 13. Qc2 (13. Bc3 $17) 13... d5 14. e3 (14. Qb2 $142) 14... e4 15. Ne1 Ne5 16. Bc3 Rc8 17. Qb2 Nc6 18. f3 $2 (18. b4 {is more resistant.}) 18... b5 $19 19. fxe4 bxa4 20. exd5 Bxd5 21. bxa4 $2 (21. Rd1) 21... Bxg2 22. Nxg2 Rb8 23. Qa1 Nb4 24. Bd4 Rc8 25. Bxa7 Qa5 26. Bd4 Qg5 (26... Nc2 $142 27. Qb1 Nxd4 28. exd4 Qxa4) 27. Nf4 (27. Rxc8 $142 Rxc8 28. Qb1) 27... Rxc1 28. Qxc1 Nbd5 29. Nxd5 Nxd5 ({Don't do} 29... Qxd5 30. Qb1 $19) 30. Qe1 Bf6 {Strongly threatening ...Bxd4.} 31. Bxf6 Nxf6 32. Qf2 Qxe3 33. h4 (33. Qxe3 $142 Rxe3 34. Rb1) 33... Qxf2+ 34. Rxf2 {[%mdl 4096] Endgame KRN-KR} Ra8 35. Rf4 Nh5 {[%mdl 64] [#] Double Attack} 36. Rb4 Nxg3 37. Kg2 Nf5 38. Rb7 Ne3+ 39. Kf3 Nc4 40. Rb4 Ne5+ 41. Kg3 Ng6 42. a3 Kh7 43. h5 f6 44. hxg6+ Kxg6 {KR-KR} 45. a5 Rxa5 46. Rb3 Rg5+ (46... Kg5 $142 47. Kg2 h5 48. Rg3+ Kh6) 47. Kf3 Ra5 $2 (47... h5 $19 {Hoping for ...Rg4.} 48. a4 Ra5) 48. Ke3 $2 {[%mdl 8192]} (48. Kg3 $11 h5 49. Kh3) 48... h5 49. Kf3 Kg5 50. Kg3 g6 51. Kh3 f5 52. Kh2 Ra4 53. Kg2 Rg4+ 54. Rg3 h4 55. Rxg4+ fxg4 $2 (55... Kxg4 {mates} 56. a4 f4 57. a5 f3+ 58. Kf2 h3 59. a6 h2 60. a7 h1=Q 61. a8=Q Qh2+ 62. Ke3 Qf4+ 63. Kd3 f2 64. Qc8+ Kg3 65. Qc3 f1=Q+ 66. Kc2+ Kh2 67. Qd2+ Qxd2+ 68. Kxd2 Qc4 69. Ke1 Qc2 70. Kf1 Kg3 71. Ke1 Kf3 72. Kf1 Qf2#) 56. a4 $11 Kf4 {( -> ...h3+)} 57. a5 h3+ {[%mdl 32768] Accuracy: White = 27%, Black = 48%. . Loss on time!?} 0-1

[Event "Stay Safe Play From Home 265"]
[Site "Emanuel Lasker Arena"]
[Date "2020.06.30"]
[Round "2"]
[White "Lamborghini"]
[Black "Uber_WING"]
[Result "0-1"]
[WhiteElo "2299"]
[BlackElo "2466"]
[Annotator "TA"]
[PlyCount "112"]
[EventDate "2020.06.30"]
[EventType "swiss (blitz)"]

{[%evp 10,112,60,54,68,23,33,35,35,29,96,80,83,72,231,76,173,162,277,-63,-66,-83,-70,-82,-87,-102,150,88,583,8,0,-592,399,162,216,210,202,201,202,197,179,24,40,0,126,-50,19,-41,945,-161,-161,-161,-160,-144,-137,-1110,0,-83,0,0,264,0,0,-33,8,-7562,-7192,-6636,-6520,-29977,-6524,-29982,-29983,-29983,-29980,-29979,-29980,-29979,0,-29980,-29981,-29982,-29983,-29990,-29988,-29988,-29989,-29989,-29990,-29990,-29990,-29989,-29990,-29992,-29982,-29982,-29983,-29983,-29984,-29984,-29985,-29985,-29986,-29985,-29986]} 1. e4 d5 2. exd5 Qxd5 3. Nc3 Qd6 4. d4 Nf6 5. Nf3 a6 6. g3 Nc6 {B01: Scandinavian Defence.} 7. Bg2 (7. Bf4 $5 {[%cal Rf4d6]} Qd8 8. Bg2 $14) 7... Bg4 8. O-O O-O-O {[%cal Rc6d4] White is slightly better.} 9. d5 Nb4 {was the old line (9...Ne5).} (9... Ne5 $11) 10. h3 Bh5 {[%cal Rb4d5]} 11. Bf4 Qb6 $2 (11... Qc5 $16 {might work better.}) 12. Be3 $2 (12. Na4 $1 $18 {[%cal Ra4b6] and the rest is easy.} Qa7 13. c4) 12... Qa5 (12... Qd6 $16) 13. g4 $36 {[%mdl 2048] Black must now prevent Nd2. White has strong initiative.} Bg6 {[#]} (13... Nbxd5 $142 14. Nxd5 Rxd5) 14. Bd2 $146 (14. Nd4 $18 {And now Nb3 would win.} Nbxd5 15. Nb3) ({Predecessor:} 14. Nd4 Nbxd5 15. Nb3 Qb4 16. Nxd5 Nxd5 17. Bxd5 e6 18. Bd2 Rxd5 19. Bxb4 Rxd1 20. Raxd1 Bxb4 {½-½ (27) Rogulj,B (2413)-Klasan,V (2364) Bosnjaci 2019}) 14... Nbxd5 $15 ({Don't play} 14... Bxc2 $6 15. Qc1 $14) 15. Nxd5 Qxd5 16. c4 Qxc4 17. Rc1 Qxa2 $2 {[%mdl 8192]} (17... Qb5 $17 {keeps the pressure on.} 18. Bf4 e5 19. Bxe5 c6) 18. Ne5 $1 $16 e6 $2 {[%mdl 8192]} (18... Rd6 $16) 19. Nxg6 $2 (19. Bxb7+ $1 $18 Kxb7 20. Rxc7+ Kxc7 21. Qc1+ Kb8 22. Nc6+ {[%mdl 64] Double Attack} Ka8 23. Nxd8 Bc2 24. Qxc2) 19... hxg6 $11 {[#]} ({Reject} 19... fxg6 $6 20. Qc2 $1 $16 {[%mdl 512]}) 20. Bf4 $2 {[%mdl 8192]} (20. Qc2 $1 $11 {[%mdl 512]} c6 21. Rfd1 Rxd2 22. Qxd2) 20... Qa5 $4 {[%mdl 8192] [#]} (20... Rxd1 $19 {avoids the disaster.} 21. Rxc7+ Kd8 22. Rxd1+ Nd5 23. Bxd5 exd5 24. Rxb7 g5 25. Bxg5+ Kc8 26. Rxf7 Bd6 27. Rc1+ Kb8) 21. Qb3 (21. Bxb7+ $142 $1 {[%mdl 512]} Kxb7 22. Qxd8) 21... Nd5 {[#]} (21... c6 {was worth a try.}) 22. Bxc7 $1 $18 {[%mdl 512]} Qxc7 (22... Nxc7 23. Qxb7+) 23. Rxc7+ Kxc7 24. Rc1+ $1 Kb8 25. Bxd5 $2 (25. Rc6 $1 $18) 25... Rxd5 $11 26. Qf3 Bc5 (26... Rd7 $11) 27. Re1 $2 (27. Qf4+ $16 Bd6 28. Qxf7 {[%mdl 64] Double Attack}) 27... f6 ({Black should play} 27... g5 $15) 28. Re2 (28. Rxe6 $11 Rhd8 29. Qc3) 28... e5 $2 {[%mdl 8192]} (28... g5 $15) 29. Qb3 $4 {[%mdl 8192] [#]} (29. Qxd5 $18 {was the only winning move.} Bb6 30. Rc2) 29... Rhd8 $1 $19 30. Kg2 Rd2 31. Rxd2 Rxd2 $17 {[%mdl 4096] Endgame KQ-KRB} 32. Qf3 $2 {[%mdl 8192]} (32. Qg8+ $17 Ka7 33. Qxg7) 32... Rd7 $2 (32... Rxf2+ $19 33. Qxf2 Bxf2 34. Kxf2 Kc7) 33. Qe4 {[#]} (33. h4 $1 $11 {remains equal.}) 33... Bb6 ({Better is} 33... g5 $1 $17 {Threatens to win with ...Rd2.} 34. Qc4 Rc7) 34. Qxg6 $11 Rc7 $2 {[%mdl 8192]} (34... Rd2 $11 {and Black has nothing to worry.}) 35. Qe8+ $2 (35. g5 $18) 35... Ka7 36. Qe6 Rc6 37. Qxc6 $4 {[%mdl 8192] White is on the road to losing.} (37. Qf5 $11) 37... bxc6 {KB-KP} 38. h4 Bd4 39. h5 f5 (39... Bxb2 $142 40. Kf1 a5 41. Ke1 Bd4 42. Kd1 a4 43. Kc2 e4 44. g5 fxg5 45. f3 a3 46. h6 a2 47. hxg7 Bxg7 48. Kd2 Bd4 49. fxe4 a1=Q 50. Ke2 Qc3 51. e5 g4 52. e6 Be3 53. Kf1 Qd2 54. e7 Qf2#) 40. Kf3 fxg4+ 41. Kxg4 {KB-K3P} e4 42. Kf5 Bxf2 43. Kxe4 {KB-KPP} Be3 $2 (43... Kb6 {mates} 44. Kd3 Kc5 45. Ke2 Bd4 46. Kd2 Kb4 47. Kd3 Bxb2 48. Kc2 c5 49. Kb1 Kc3 50. Ka2 c4 51. h6 gxh6 52. Kb1 h5 53. Ka2 h4 54. Kb1 h3 55. Ka2 h2 56. Kb1 h1=Q+ 57. Ka2 Qa1#) 44. Kf5 $2 {[%mdl 8192]} (44. Kxe3 $11 c5 45. Kf4) 44... Bh6 {Black mates.} 45. Kg6 c5 46. b4 Kb6 47. bxc5+ Kxc5 {KB-KP} 48. Kf5 a5 {[%cal Ba6a5,Ba5a4][%mdl 32]} 49. Ke4 a4 50. Kd3 a3 51. Kc2 a2 52. Kb2 Kd5 53. Kxa2 Ke5 54. Kb3 Kf5 55. Kc4 Kg5 56. Kd4 Kxh5 {Accuracy: White = 37%, Black = 36%.} 0-1

[Event "Stay Safe Play From Home 265"]
[Site "Emanuel Lasker Arena"]
[Date "2020.06.30"]
[Round "2"]
[White "BrainThinker22"]
[Black "Toosieslide"]
[Result "1-0"]
[WhiteElo "2247"]
[BlackElo "2310"]
[Annotator "NA"]
[PlyCount "143"]
[EventDate "2020.06.30"]
[EventType "swiss (blitz)"]

1. e4 {[%emt 0:00:01]} e5 {[%emt 0:00:03]} 2. Nf3 {[%emt 0:00:03]} Nc6 {[%emt 0:00:01]} 3. d4 {[%emt 0:00:00]} exd4 {[%emt 0:00:01]} 4. Bc4 {[%emt 0:00:00]} Nf6 {[%emt 0:00:01]} 5. e5 {[%emt 0:00:01]} d5 {[%emt 0:00:00]} 6. Bb5 {[%emt 0:00:00]} Nd7 {[%emt 0:00:00]} 7. Bxc6 {[%emt 0:00:02]} bxc6 {[%emt 0:00:00]} 8. Qxd4 {[%emt 0:00:01]} Be7 {[%emt 0:00:04]} 9. O-O {[%emt 0:00:01]} O-O {[%emt 0:00:01]} 10. Nc3 {[%emt 0:00:01]} Nb8 {[%emt 0:00:01]} 11. Re1 {[%emt 0:00:01]} Bb7 {[%emt 0:00:01]} 12. Qg4 {[%emt 0:00:03]} c5 {[%emt 0:00:02]} 13. Bh6 {[%emt 0:00:01]} g6 {[%emt 0:00:01]} 14. Bxf8 {[%emt 0:00:01]} Qxf8 {[%emt 0:00:00]} 15. Rad1 {[%emt 0:00:02]} c6 {[%emt 0:00:01]} 16. e6 {[%emt 0:00:01]} f5 {[%emt 0:00:02]} 17. Qg3 {[%emt 0:00:01]} Na6 {[%emt 0:00:03]} 18. Ne5 {[%emt 0:00:02]} Nb4 {[%emt 0:00:01]} 19. Nd7 {[%emt 0:00:03]} Qg7 {[%emt 0:00:02]} 20. Qc7 {[%emt 0:00:04]} Ba6 {[%emt 0:00:01]} 21. a3 {[%emt 0:00:04]} Nxc2 {[%emt 0:00:02]} 22. Qxc6 {[%emt 0:00:01]} Rd8 {[%emt 0:00:09]} 23. Qxa6 {[%emt 0:00:01]} Nxe1 {[%emt 0:00:01]} 24. Rxe1 {[%emt 0:00:00]} Qd4 {[%emt 0:00:03]} 25. Qe2 {[%emt 0:00:06]} c4 {[%emt 0:00:01]} 26. Qe5 {[%emt 0:00:01]} Qd2 {[%emt 0:00:00]} 27. Qe2 {[%emt 0:00:03]} Qxe2 {[%emt 0:00:01]} 28. Rxe2 {[%emt 0:00:01]} d4 {[%emt 0:00:01]} 29. Nd5 {[%emt 0:00:00]} Bd6 {[%emt 0:00:04]} 30. f4 {[%emt 0:00:01]} d3 {[%emt 0:00:01]} 31. Rd2 {[%emt 0:00:01]} Re8 {[%emt 0:00:01]} 32. N7f6+ {[%emt 0:00:01]} Kf8 {[%emt 0:00:01]} 33. Nxe8 {[%emt 0:00:00]} Kxe8 {[%emt 0:00:00]} 34. e7 {[%emt 0:00:01]} Bxe7 {[%emt 0:00:01]} 35. Nxe7 {[%emt 0:00:00]} Kxe7 {[%emt 0:00:01]} 36. Kf2 {[%emt 0:00:01]} Kd6 {[%emt 0:00:00]} 37. Ke3 {[%emt 0:00:00]} Kc5 {[%emt 0:00:00]} 38. b3 {[%emt 0:00:02]} cxb3 {[%emt 0:00:00]} 39. Rxd3 {[%emt 0:00:01]} b2 {[%emt 0:00:00]} 40. Rb3 {[%emt 0:00:01]} Kc4 {[%emt 0:00:00]} 41. Rxb2 {[%emt 0:00:00]} a5 {[%emt 0:00:00]} 42. Rb7 {[%emt 0:00:00]} a4 {[%emt 0:00:00]} 43. Ra7 {[%emt 0:00:00]} Kb3 {[%emt 0:00:00]} 44. Rxh7 {[%emt 0:00:00]} Kxa3 {[%emt 0:00:00]} 45. Rg7 {[%emt 0:00:00]} Kb4 {[%emt 0:00:00]} 46. Rxg6 {[%emt 0:00:00]} a3 {[%emt 0:00:00]} 47. Ra6 {[%emt 0:00:00]} Kb3 {[%emt 0:00:00]} 48. Kd4 {[%emt 0:00:00]} a2 {[%emt 0:00:01]} 49. Ke5 {[%emt 0:00:00]} a1=Q+ {[%emt 0:00:02]} 50. Rxa1 {[%emt 0:00:01]} Kb2 {[%emt 0:00:00]} 51. Re1 {[%emt 0:00:00]} Kc3 {[%emt 0:00:00]} 52. Kxf5 {[%emt 0:00:00]} Kd3 {[%emt 0:00:00]} 53. Re4 {[%emt 0:00:00]} Kd2 {[%emt 0:00:00]} 54. Ke5 {[%emt 0:00:00]} Kc3 {[%emt 0:00:00]} 55. f5 {[%emt 0:00:00]} Kd3 {[%emt 0:00:00]} 56. f6 {[%emt 0:00:00]} Kd2 {[%emt 0:00:00]} 57. f7 {[%emt 0:00:00]} Kc2 {[%emt 0:00:00]} 58. f8=Q {[%emt 0:00:00]} Kc3 {[%emt 0:00:00]} 59. g4 {[%emt 0:00:00]} Kd2 {[%emt 0:00:00]} 60. g5 {[%emt 0:00:00]} Kd3 {[%emt 0:00:00]} 61. g6 {[%emt 0:00:00]} Kd2 {[%emt 0:00:00]} 62. g7 {[%emt 0:00:00]} Kd3 {[%emt 0:00:00]} 63. h4 {[%emt 0:00:00]} Kc2 {[%emt 0:00:00]} 64. h5 {[%emt 0:00:00]} Kc3 {[%emt 0:00:00]} 65. h6 {[%emt 0:00:00]} Kd3 {[%emt 0:00:00]} 66. h7 {[%emt 0:00:00]} Kd2 {[%emt 0:00:00]} 67. Kf5 {[%emt 0:00:00]} Kc2 {[%emt 0:00:00]} 68. Re7 {[%emt 0:00:01]} Kc3 {[%emt 0:00:00]} 69. Qd8 {[%emt 0:00:00]} Kc4 {[%emt 0:00:01]} 70. Rc7+ {[%emt 0:00:01]} Kb5 {[%emt 0:00:00]} 71. Qb8+ {[%emt 0:00:00]} Ka6 {[%emt 0:00:00]} 72. Ra7# {[%emt 0:00:00] (Lag: Av=0.69s, max=1.1s)} 1-0